La educación activa (Record no. 211151)

MARC details
000 -CABECERA
campo de control de longitud fija 01072nam a22002777a 4500
003 - IDENTIFICADOR DEL NÚMERO DE CONTROL
campo de control UPN
005 - FECHA Y HORA DE LA ÚLTIMA TRANSACCIÓN
campo de control 20240924064106.0
008 - ELEMENTOS DE LONGITUD FIJA--INFORMACIÓN GENERAL
campo de control de longitud fija 240425s1931 sp ao||gr|||| 001 0 spa d
040 ## - FUENTE DE LA CATALOGACIÓN
Centro catalogador/agencia de origen MX-MxUPN
Lengua de catalogación spa
Centro/agencia transcriptor MX-MxUPN
041 ## - CÓDIGO DE IDIOMA
Código de lengua del texto/banda sonora o título independiente spa
050 #4 - SIGNATURA TOPOGRÁFICA DE LA BIBLIOTECA DEL CONGRESO
Número de clasificación LB1026
Número de documento/Ítem M33 1931
100 1# - ASIENTO PRINCIPAL--NOMBRE PERSONAL
9 (RLIN) 30212
Nombre de persona Mallart y Cutó, José,
Fechas asociadas al nombre 1897-1989
245 13 - MENCIÓN DE TÍTULO
Título La educación activa
250 ## - MENCIÓN DE EDICIÓN
Mención de edición Tercera edición
260 ## - PUBLICACIÓN, DISTRIBUCIÓN, ETC.
Lugar de publicación, distribución, etc. Barcelona ;
-- Buenos aires :
Nombre del editor, distribuidor, etc. Editorial Labor,
Fecha de publicación, distribución, etc. 1931.
300 ## - DESCRIPCIÓN FÍSICA
Extensión 212, xii páginas :
Otras características físicas [1] hoja plegable, ilustraciones, fotografías
490 0# - MENCIÓN DE SERIE
Mención de serie Colección labor. Biblioteca de iniciación cultural. Educación ;
Designación de volumen o secuencia no.37
504 ## - NOTA DE BIBLIOGRAFÍA, ETC.
Nota de bibliografía, etc. Incluye índices y bibliografía.
650 #4 - ASIENTO SECUNDARIO DE MATERIA - TERMINO TEMATICO
Término de materia o nombre geográfico como elemento de entrada Educación
Subdivisión general Investigación
9 (RLIN) 4070
650 #4 - ASIENTO SECUNDARIO DE MATERIA - TERMINO TEMATICO
9 (RLIN) 5868
Término de materia o nombre geográfico como elemento de entrada Educación
Subdivisión general Métodos experimentales
710 1# - ASIENTO SECUNDARIO - NOMBRE CORPORATIVO
9 (RLIN) 51349
Nombre de entidad corporativa o nombre de jurisdicción como elemento de entrada México.
Unidad subordinada Secretaría de Educación Pública.
-- Biblioteca Pública
Término indicativo de función/relación propietario anterior
710 2# - ASIENTO SECUNDARIO - NOMBRE CORPORATIVO
9 (RLIN) 51335
Nombre de entidad corporativa o nombre de jurisdicción como elemento de entrada Museo Pedagógico Nacional (México)
Término indicativo de función/relación propietario anterior
775 0# - ENTRADA/ENLACE A OTRA EDICIÓN
Título La eduación activa
902 ## - ELEMENTOS DE DATOS B LOCAL, LDB (RLIN)
Modificó MaríaRobles/250424
942 ## - ELEMENTOS DE PUNTO DE ACCESO ADICIONAL (KOHA)
Fuente del sistema de clasificación o colocación Library of Congress Classification
Tipo de ítem Koha Libro
Suprimir en OPAC No
Holdings
Estado de retiro Estado de pérdida Fuente del sistema de clasificación o colocación Estado dañado No para préstamo Código de colección Localización permanente Ubicación/localización actual Ubicación en estantería Fecha de adquisición Clasificación Código de barras Fecha visto por última vez Precio válido a partir de Tipo de ítem Koha Nota pública
    Library of Congress Classification   Disponible (Previa cita) Fondo Reservado de libros Bib. Gregorio Torres Quintero Bib. Gregorio Torres Quintero Sala de Fondos Reservados Planta alta 25/04/2024 LB1026 M33 1931 18266 25/04/2024 25/04/2024 Libro Ejemplar con sello del Museo Pedagógico Nacional y con sello de la Biblioteca Pública de la SEP